<?xml version="1.0" encoding="UTF-8"?><?xml-stylesheet type="text/xsl" href="static/style.xsl"?><OAI-PMH xmlns="http://www.openarchives.org/OAI/2.0/" xmlns:xsi="http://www.w3.org/2001/XMLSchema-instance" xsi:schemaLocation="http://www.openarchives.org/OAI/2.0/ http://www.openarchives.org/OAI/2.0/OAI-PMH.xsd"><responseDate>2026-04-18T16:58:50Z</responseDate><request verb="GetRecord" identifier="oai:riubu.ubu.es:10259/9669" metadataPrefix="marc">https://riubu.ubu.es/oai/request</request><GetRecord><record><header><identifier>oai:riubu.ubu.es:10259/9669</identifier><datestamp>2024-11-07T11:08:19Z</datestamp><setSpec>com_10259_2685</setSpec><setSpec>com_10259_2684</setSpec><setSpec>col_10259_2688</setSpec></header><metadata><record xmlns="http://www.loc.gov/MARC21/slim" xmlns:doc="http://www.lyncode.com/xoai" xmlns:xsi="http://www.w3.org/2001/XMLSchema-instance" xmlns:dcterms="http://purl.org/dc/terms/" xsi:schemaLocation="http://www.loc.gov/MARC21/slim http://www.loc.gov/standards/marcxml/schema/MARC21slim.xsd">
<leader>00925njm 22002777a 4500</leader>
<datafield tag="042" ind1=" " ind2=" ">
<subfield code="a">dc</subfield>
</datafield>
<datafield tag="720" ind1=" " ind2=" ">
<subfield code="a">Rivas Navazo, Fernando</subfield>
<subfield code="e">author</subfield>
</datafield>
<datafield tag="260" ind1=" " ind2=" ">
<subfield code="c">2024</subfield>
</datafield>
<datafield tag="520" ind1=" " ind2=" ">
<subfield code="a">Este podcast explora el fascinante mundo de las supercomputadoras, desmitificando sus complejas arquitecturas. A través de análisis de casos de estudio como AlphaServer, Blue Gene/Q, Cray T3E, Roadrunner y Frontier, comprenderemos las diferentes estrategias empleadas para alcanzar un rendimiento extremo, desde multiprocesadores simétricos (SMP) hasta arquitecturas masivamente paralelas (MPP) y clusters. Descubriremos los entresijos de la interconexión, la gestión de la memoria y los desafíos del control de la congestión en estos sistemas de alto rendimiento.</subfield>
</datafield>
<datafield tag="024" ind2=" " ind1="8">
<subfield code="a">http://hdl.handle.net/10259/9669</subfield>
</datafield>
<datafield ind1=" " ind2=" " tag="653">
<subfield code="a">Supercomputación</subfield>
</datafield>
<datafield ind1=" " ind2=" " tag="653">
<subfield code="a">Arquitecturas comerciales</subfield>
</datafield>
<datafield ind1=" " ind2=" " tag="653">
<subfield code="a">AlphaServer</subfield>
</datafield>
<datafield ind1=" " ind2=" " tag="653">
<subfield code="a">Blue Gene/Q</subfield>
</datafield>
<datafield ind1=" " ind2=" " tag="653">
<subfield code="a">Cray T3E</subfield>
</datafield>
<datafield ind1=" " ind2=" " tag="653">
<subfield code="a">Roadrunner</subfield>
</datafield>
<datafield ind1=" " ind2=" " tag="653">
<subfield code="a">Frontier</subfield>
</datafield>
<datafield ind1=" " ind2=" " tag="653">
<subfield code="a">SMP</subfield>
</datafield>
<datafield ind1=" " ind2=" " tag="653">
<subfield code="a">MPP</subfield>
</datafield>
<datafield ind1=" " ind2=" " tag="653">
<subfield code="a">Clusters</subfield>
</datafield>
<datafield ind1=" " ind2=" " tag="653">
<subfield code="a">Interconexión</subfield>
</datafield>
<datafield ind1=" " ind2=" " tag="653">
<subfield code="a">Memoria</subfield>
</datafield>
<datafield ind1=" " ind2=" " tag="653">
<subfield code="a">Control de congestión</subfield>
</datafield>
<datafield ind1=" " ind2=" " tag="653">
<subfield code="a">Rendimiento</subfield>
</datafield>
<datafield ind1=" " ind2=" " tag="653">
<subfield code="a">Procesamiento paralelo</subfield>
</datafield>
<datafield ind1=" " ind2=" " tag="653">
<subfield code="a">Dragonfly</subfield>
</datafield>
<datafield ind1=" " ind2=" " tag="653">
<subfield code="a">Slingshot</subfield>
</datafield>
<datafield ind1=" " ind2=" " tag="653">
<subfield code="a">Infiniband</subfield>
</datafield>
<datafield ind1=" " ind2=" " tag="653">
<subfield code="a">Ethernet</subfield>
</datafield>
<datafield ind1=" " ind2=" " tag="653">
<subfield code="a">Topología de red</subfield>
</datafield>
<datafield tag="245" ind1="0" ind2="0">
<subfield code="a">Descifrando la supercomputación: un viaje a través de arquitecturas comerciales</subfield>
</datafield>
</record></metadata></record></GetRecord></OAI-PMH>